000 00325nam a2200145Ia 4500
100 _aAnderson Don/ Shanley/Tom
250 _a2
942 _cBK
654 _acomputer
245 _aPentium Processor Systems Architecture
260 _bMicrosoft Press
_aMumbai
_c1995
300 _a433
546 _aENGLISH
999 _c22044
_d22044